000 00342 a2200109 4500
001 ART_11376
005 20260410161856.0
008 260409a
245 1 0 _aProducción, transporte y almacenaje en el agro argentino
100 1 _aVisintini, Alfredo
773 0 _tRevista de Economía
_g- Nº 79 (oct./dic. 1995)
_wREV11077
999 _c25513
_d25513